| 000 | 00856cam a22002775a 4500 | ||
|---|---|---|---|
| 001 | 12383725 | ||
| 005 | 20180315144832.0 | ||
| 008 | 010418t2001 caua frd 001 0 eng d | ||
| 020 | _a0201702673 | ||
| 020 | _a9780201702675 | ||
| 040 |
_aCVU _cCVU _dIXA _dDLC _dEG-ScBUE _beng |
||
| 082 | 0 | 4 |
_a005.2762 _222 _bMAT |
| 100 | 1 | _aMatena, Vlada. | |
| 245 | 1 | 0 |
_aApplying Enterprise JavaBeans : _bcomponent-based development for the J2EE platform / _cVlada Matena, Beth Stearns. |
| 260 |
_aBoston : _bAddison-Wesley, _cc.2001. |
||
| 300 |
_axxv, 436 p. : _bill. ; _c24 cm. |
||
| 490 | 0 | _aJava series | |
| 500 | _aIndex : p. 427-436. | ||
| 500 | _aGlossary : p. 419-425. | ||
| 630 | 0 | 7 | _aJavaBeans. |
| 650 | 7 |
_aJava (Computer program language) _2BUEsh _93407 |
|
| 651 | _2BUEsh | ||
| 653 |
_bCOMSCI _cMarch2018 |
||
| 700 | 1 | _aStearns, Beth. | |
| 942 | _2ddc | ||
| 999 |
_c26316 _d26288 |
||